000 01555nam a2200181Ia 4500
003 OSt
005 20260119092012.0
008 181105s2017 xx 000 0 und
020 _a9789350359792
040 _cnls
082 _a342.5402 BAK
100 _aBakshi, P. M.
245 _aThe constitution of India /
_cP. M. Bakshi
260 _aNew Delhi :
_bUniversal Law Publishers,
_c2017.
300 _acxxxvii, 548 p. ;
_c21 cm.
505 _aThe Constitution of India outlines the form of government that is followed in the nation, along with an expansive list of doctrines. It consists of 22 parts that provide the structure which describes elemental political principles, protocols followed by government bodies and establishes the basic rights and duties of the citizens of the nation. Each part is divided into articles, with some parts having chapters as well, due to the intricacies of sections like Finance, Property, Contracts and Suits. The Constitution of India has a total of 395 articles and 12 schedules. Each article has notes for the reader’s reference for the purpose of clarity. The book includes all the updated amendments including the Constitution (One Hundredth and First Amendment) Act, 2016. The approved amendments included begin all the way from 1951 to 2016. The Constitution of India is great for informative purposes as well as research-needs. This book is particularly functional for those engaged in civil service as it lists out every aspect of the constitution of India with a lot of added notes.
942 _2ddc
_cBK
999 _c111729
_d111729